Statistics for Disney Songs

Click here to take the quiz!

General Stats

  • This quiz has been taken 2,603 times
  • The average score is 17 of 23

Answer Stats

Hint Answer % Correct
"Be our Guest"Beauty and the Beast
97%
"Let it Go"Frozen
94%
"A Whole New World"Aladdin
92%
"He's a Tramp"Lady and the Tramp
92%
"I'll Make a Man out of You"Mulan
91%
"You've got a Friend in Me"Toy Story
91%
"Bare Necessities"The Jungle Book
89%
"Someday my Prince will Come"Snow White and the Seven Dwarfs
88%
"Part of your World"The Little Mermaid
88%
"A Dream is a Wish your Heart Makes"Cinderella
87%
"Once Upon a Dream"Sleeping Beauty
85%
"Colors of the Wind"Pocahontas
85%
Ev'rybody wants to be a Cat"The Aristocats
82%
"I won't Say I'm in Love"Hercules
78%
"I See the Light"Tangled
75%
"The Second Star to the Right"Peter Pan
70%
"Unbirthday Song"Alice in Wonderland
64%
"He Lives in You"The Lion King II
60%
"Strangers like Me"Tarzan
59%
"The Best of Friends"The Fox and the Hound
39%
"What's This?"The Nightmare Before Christmas
36%
"Why Should I Worry"Oliver and Company
34%
"I Wanna be Like Other Girls"Mulan II
21%

Score Distribution

Percentile by Number Answered

Percent of People with Each Score

Your Score History

You have not taken this quiz